| 000 | 00366nam a22001457a 4500 | ||
|---|---|---|---|
| 020 | _a0-07-038726-5 | ||
| 082 | _a658.31124 LOP'P | ||
| 100 |
_aLOPEZ, FELIX M _956962 |
||
| 245 | _aPERSONNEL INTERVIEWING THEORY AND PRACTICE | ||
| 250 | _a2ND | ||
| 260 |
_aNEWYORK _bMCGRAW HILL _c1975 |
||
| 300 | _a356P | ||
| 650 |
_aEMPLOYMENT INTERVIEWING _977041 |
||
| 942 | _cBK | ||
| 999 |
_c582363 _d582363 |
||